| 000 | 00894nam a22001817a 4500 | ||
|---|---|---|---|
| 999 |
_c15108 _d15108 |
||
| 003 | OSt | ||
| 082 | _2631.75807 ARJ/MO | ||
| 088 | _aT 351 | ||
| 100 |
_aARJUN PRAKASH K. V _93594 |
||
| 245 | _aModification and evaluation of automated drip irrigation system | ||
| 260 |
_aTavanur 2016 _bDEPARTMENT OF LAND & WATER RESOURCES AND CONSERVATION ENGINEERING |
||
| 300 | _a130 | ||
| 500 | _aModification and evaluation of automated drip irrigation system | ||
| 520 | _aAutomated drip irrigation system consists of conductive and capacitor type sensors for the soilmoisture measurement which allowed irrigating each bed according to the requirment. It composed of water sensors, solenoid valves, microcontroller unit and LCD display. operated with GSM modem | ||
| 700 |
_aDr. Sajeena S (Guide) _93595 |
||
| 856 | _uhttps://drive.google.com/open?id=1UdPrB1qhtIaTd4i6wx4X6_TwW9t9g4uv | ||
| 942 | _cTH | ||